Том 1; Строительство тепловых и атомных электростанций

Bibliografiska uppgifter
Parent link:Строительство тепловых и атомных электростанций: в 2-х томах/ Н. Я. Турчин [и др.]; под ред. П. С. Непорожнего. Том 1.— 2-е изд., перераб. и доп..— , 1979
Övriga upphovsmän: Непорожний П. С. (редактор)
Språk:ryska
Publicerad: 1979
Ämnen:
Materialtyp: Bok
KOHA link:https://koha.lib.tpu.ru/cgi-bin/koha/opac-detail.pl?biblionumber=315777

MARC

LEADER 00000nam2a2200000 4500
001 315777
005 20231102002818.0
035 |a (RuTPU)RU\TPU\book\341214 
035 |a RU\TPU\book\309026 
090 |a 315777 
100 |a 20160310d1979 km y0rusy5003 ca 
101 0 |a rus 
102 |a RU 
105 |a a g 000zy 
200 0 |a Том 1 
210 |d 1979 
215 |a 472 с.  |c ил. 
461 1 |0 (RuTPU)RU\TPU\book\306666  |t Строительство тепловых и атомных электростанций  |o в 2-х томах  |f Н. Я. Турчин [и др.]  |g под ред. П. С. Непорожнего  |v Том 1  |e 2-е изд., перераб. и доп.  |d 1979  |s Справочник монтажника 
606 1 |a Тепловые электрические станции  |x Постройка  |2 stltpush  |3 (RuTPU)RU\TPU\subj\59651  |9 77158 
606 1 |a Атомные электрические станции  |x Постройка  |2 stltpush  |3 (RuTPU)RU\TPU\subj\29757  |9 53023 
610 1 |a справочники 
610 1 |a строительно-отделочные материалы 
610 1 |a монтажные материалы 
610 1 |a бетоны 
610 1 |a растворы 
610 1 |a здания 
610 1 |a сооружения 
610 1 |a машины 
610 1 |a транспортные средства 
610 1 |a эксплуатация 
610 1 |a ремонт 
675 |a 621.311.22:69(035)  |v 4 
675 |a 621.311.25:621.039(035)  |v 4 
702 1 |a Непорожний  |b П. С.  |4 340 
801 0 |a RU  |b RuMRKP  |c 19950704  |g psbo 
801 1 |a RU  |b 63413507  |c 20150218 
801 2 |a RU  |b 63413507  |c 20220621  |g RCR 
942 |c BK